000 00961nam a22003017a 4500
001 00004763
003 DO-SdBNP
005 20221109124947.0
007 00004763
008 160606b 2009 sp || 00| 0 spa d
020 _a9788477203711
040 _aBPMSU
_bspa
_cBPMSU
082 4 _a339.43
_bC614h 2009
_222
092 _a
_b
100 1 _aClason, George S.
245 1 3 _aEl hombre más rico de Babilonia :
_b los secretos del éxito de los antiguos /
_cGeorge S. Clason ; traducción: José Luis Sánchez.
250 _a31a. ed.
260 _aBarcelona :
_bEdiciones Obelisco,
_c2009
300 _a159 p. ;
_c23 cm.
490 0 _a Exito
534 _aTítulo original :
_tRichest man in Babylon
590 _6Inventariado, 2022/VM
650 4 _aAhorro e inversión
_xRelatos personales.
650 4 _aÉtica de los negocios
_xRelatos personales
700 1 _aSánchez, José Luis,
_etr.
910 _aVMateo V. /Validado
942 _2ddc
_cBK
999 _c11248
_d11248